Playing with contracts can muddy completion disputes (Record no. 71828)
[ view plain ]
| 000 -LEADER | |
|---|---|
| fixed length control field | 01418cam a2200217 4500 |
| 001 - CONTROL NUMBER | |
| control field | ABS66199 |
| 008 - FIXED-LENGTH DATA ELEMENTS--GENERAL INFORMATION | |
| fixed length control field | 021219n2002 000 0 eng u |
| 035 ## - SYSTEM CONTROL NUMBER | |
| System control number | (Sirsi) u120850 |
| 100 ## - MAIN ENTRY--PERSONAL NAME | |
| Personal name | Rawstron, A |
| 245 ## - TITLE STATEMENT | |
| Title | Playing with contracts can muddy completion disputes |
| 260 ## - PUBLICATION, DISTRIBUTION, ETC. | |
| Date of publication, distribution, etc. | 2002 |
| 490 ## - SERIES STATEMENT | |
| Series statement | Construction News |
| Volume/sequential designation | (6790) 31 October 2002, 54(1) |
| 520 ## - SUMMARY, ETC. | |
| Summary, etc. | Considers issue of disputes over delays to completion of works, which are made complicated when partial possession has taken place. A change in the usual wording of the contract, in this case the JCT WCD 1981, can add to these problems. In the case of "Skanska Construction (Regions) Ltd v Anglo-Amsterdam Corporation Ltd" [2002] it was found that contracts should make provision for the adjustment of the liquidated damages regime in the circumstance where the client required partial possession of the works. Concludes that if clients can take possession of the whole of the works prior to the completion date, the contract should make it clear that practical completion is deemed to have taken place at that date. |
| 590 ## - LOCAL NOTE (RLIN) | |
| Local note | ABS |
| 650 ## - SUBJECT ADDED ENTRY--TOPICAL TERM | |
| Topical term or geographic name entry element | JCT STANDARD FORM OF CONTRACT WITH CONTRACTOR'S DESIGN (1981 EDITION) |
| 650 ## - SUBJECT ADDED ENTRY--TOPICAL TERM | |
| Topical term or geographic name entry element | PARTIAL POSSESSION |
| 650 ## - SUBJECT ADDED ENTRY--TOPICAL TERM | |
| Topical term or geographic name entry element | PRACTICAL COMPLETION |
| 650 ## - SUBJECT ADDED ENTRY--TOPICAL TERM | |
| Topical term or geographic name entry element | SKANSKA CONSTRUCTION (REGIONS) LTD V ANGLO-AMSTERDAM CORPORATION LTD |
| 690 ## - LOCAL SUBJECT ADDED ENTRY--TOPICAL TERM (OCLC, RLIN) | |
| Topical term or geographic name as entry element | BUILT ENVIRONMENT-BUILDING CONTRACT FORMS |
| 942 ## - ADDED ENTRY ELEMENTS (KOHA) | |
| Suppress in OPAC | 0 |
| Withdrawn status | Lost status | Source of classification or shelving scheme | Damaged status | Not for loan | Home library | Current library | Shelving location | Date acquired | Total Checkouts | Full call number | Barcode | Date last seen | Copy number | Price effective from | Koha item type |
|---|---|---|---|---|---|---|---|---|---|---|---|---|---|---|---|
| Dewey Decimal Classification | London | London | Journal article | 19/12/2002 | ABS66199 | 120850-1001 | 06/08/2019 | 1 | 06/08/2019 | Journal article |